Statistics for Destinations By Airlines Out of Sydney (SYD/YSSY)

Click here to take the quiz!

General Stats

  • This quiz has been taken 215 times
  • The average score is 161 of 244

Answer Stats

AirlineAirport Code% Correct
Emirates SkyCargoDubai–Al Maktoum
94%
EmiratesDubai-International
94%
Air New Zealand | Airwork | DHL Aviation | +7 othersAuckland
93%
British Airways | QantasLondon-Heathrow
93%
American | DHL Aviation | Delta Air Lines | +4 othersLos Angeles
93%
ANA | Japan Airlines | QantasTokyo-Haneda
93%
Air China | China Eastern AirlinesBeijing-Capital
92%
Qantas | United AirlinesSan Francisco
92%
British Airways | Emirates SkyCargo | FedEx Express | +5 othersSingapore-Changi
92%
Air Canada | QantasVancouver
92%
Cathay Pacific | Cathay Pacific Cargo | Emirates SkyCargo | +2 othersHong Kong
91%
China Eastern Airlines | Qantas | Qantas Freight | UPS AirlinesShanghai-Pudong
90%
Etihad AirwaysAbu Dhabi
89%
DHL Aviation | Fly Corporate | Jetstar | +5 othersBrisbane
89%
Garuda Indonesia | Qantas | Qantas FreightJakarta–Soekarno-Hatta
89%
Air CanadaToronto-Pearson
89%
Air New Zealand | Qantas | Virgin AustraliaWellington
89%
Air IndiaDelhi
88%
Cathay Pacific Cargo | DHL Aviation | Jetstar | +7 othersMelbourne-Tullamarine
88%
Cebu Pacific | FedEx Express | Philippine Airlines | QantasManila
87%
Jetstar | Qantas | Virgin AustraliaPerth
87%
Air New Zealand | Emirates | Qantas | Qantas FreightChristchurch
86%
Asiana Airlines | Korean Air | UPS AirlinesSeoul-Incheon
86%
AirAsia X | MASkargo | Malaysia Airlines | Malindo AirKuala Lumpur-International
85%
Qantas | Thai AirwaysBangkok–Suvarnabhumi
84%
FedEx ExpressGuangzhou
83%
DHL Aviation | FedEx Express | Hawaiian Airlines | +5 othersHonolulu
83%
Vietnam AirlinesHanoi
81%
Jetstar | Vietnam AirlinesHo Chi Minh City
81%
Jetstar | Qantas | Singapore Airlines Cargo | Virgin AustraliaAdelaide
80%
Garuda Indonesia | Jetstar | Malindo Air | +2 othersDenpasar
80%
China Southern AirlinesGuangzhou-Baiyun
80%
China AirlinesTaipei-Taoyuan
77%
Jetstar | Qantas | Virgin AustraliaDarwin
76%
Qatar AirwaysDoha
76%
LATAM Chile | QantasSantiago de Chile
75%
Jetstar | Qantas | QantasLink | Virgin AustraliaGold Coast
73%
China Eastern AirlinesWuhan
73%
Qantas | QantasLink | Virgin AustraliaCanberra
72%
Jetstar | Qantas | QantasLink | Virgin AustraliaHobart
72%
QantasAlice Springs
70%
DHL Aviation | Jetstar | Qantas | +2 othersCairns
70%
Air NiuginiPort Moresby
70%
United AirlinesHouston-Intercontinental
68%
QantasDallas-Fort-Worth
67%
XiamenAirXiamen
67%
Fiji AirwaysSuva
66%
Fiji Airways | Jetstar | Qantas | Virgin AustraliaNadi
64%
Tianjin AirlinesTianjin
63%
China Eastern AirlinesXi'an
63%
Air ChinaChengdu
61%
QantasOsaka-Kansai
59%
SriLankan AirlinesColombo-Bandaranaike
58%
Air VanuatuPort Vila
58%
China Southern AirlinesShenzhen-Bao'an
57%
Qantas Freight | Sichuan AirlinesChongqing
55%
Regional Express AirlinesNewcastle
55%
Air New Zealand | Jetstar | Qantas | Virgin AustraliaQueenstown
54%
JetstarPhuket
53%
Samoa Airways | Virgin AustraliaApia–Faleolo
52%
Aircalin | DHL Aviation | QantasNouméa
52%
Jetstar | Virgin Australia | Virgin Australia CargoTownsville
51%
QantasJohannesburg-OR Tambo
48%
Jetstar | Virgin AustraliaLaunceston
48%
Jetstar | QantasLink | Virgin AustraliaSunshine Coast
48%
China Eastern AirlinesNanjing
46%
China Eastern AirlinesKunming
42%
Regional Express AirlinesBroken Hill
40%
QantasBroome
40%
Qantas FreightChicago-O'Hare
40%
Beijing Capital AirlinesQingdao
39%
QantasLink | Regional Express AirlinesWagga Wagga
39%
QantasLink | Regional Express Airlines | Virgin AustraliaAlbury
37%
QantasLink | Regional Express AirlinesDubbo
37%
Air New ZealandNorfolk Island
36%
QantasLink | Regional Express AirlinesOrange
36%
Hainan AirlinesHaikou
34%
Jetstar | Virgin AustraliaAyers Rock
33%
Tianjin AirlinesZhengzhou
33%
Jetstar | QantasLink | Regional Express Airlines | Virgin AustraliaBallina
32%
Regional Express AirlinesBathurst
32%
Air New ZealandRarotonga
32%
Hainan AirlinesChangsha
31%
QantasLinkCoffs Harbour
31%
QantasLink | Virgin AustraliaPort Macquarie
31%
Jetstar | Qantas | QantasLink | Virgin AustraliaHamilton Island
30%
QantasSapporo–Chitose
30%
QantasLink | Virgin AustraliaTamworth
30%
QantasLink | Regional Express AirlinesArmidale
29%
JetstarMelbourne-Avalon
29%
Virgin AustraliaNuku'alofa
28%
Sichuan AirlinesÜrümqi
28%
QantasLinkToowoomba Wellcamp
27%
QantasLinkBendigo
26%
QantasLinkLord Howe Island
26%
Regional Express AirlinesGriffith
25%
QantasLinkMildura
25%
Regional Express AirlinesParkes
25%
FlyPelicanTaree
25%
Regional Express AirlinesLismore
24%
QantasLinkMoree
23%
Virgin AustraliaHervey Bay
22%
Regional Express AirlinesMerimbula
22%
FlyPelicanMudgee
22%
FlyPelicanCobar
18%
Regional Express AirlinesGrafton
18%
JetstarProserpine
18%
Regional Express AirlinesNarrandera
17%
Regional Express AirlinesCooma
16%
MASkargoDa Nang
16%
Regional Express AirlinesMoruya
16%
Fly CorporateNarrabri
14%
Virgin AustraliaCoffs Harbour
11%
DHL AviationCincinnati
9%
Fly CorporateInverall
8%

Score Distribution

Percentile by Number Answered

Percent of People with Each Score

Your Score History

You have not taken this quiz